Music Quiz

Random Music or Song Quiz
Score 0/25 Timer 08:00
0 Plays Today
% Correct
Garth Brooks
40.7%
LeAnn Rimes
33.3%
Zac Brown Band
25.9%
Dierks Bentley
25.9%
Brad Paisley
22.2%
Johnny Cash
22.2%
George Strait
22.2%
Willie Nelson
18.5%
Miranda Lambert
14.8%
Carrie Underwood
14.8%
Waylon Jennings
14.8%
Trace Adkins
14.8%
Kellie Pickler
14.8%
% Correct
Reba McEntire
14.8%
Josh Turner
14.8%
Alabama
11.1%
Chris Young
11.1%
Montgomery Gentry
11.1%
Loretta Lynn
11.1%
Alan Jackson
7.4%
Kenny Chesney
7.4%
Gary Allan
7.4%
Jake Owen
7.4%
Kris Kristofferson
3.7%
Tim McGraw
3.7%
Remove Ads.
Support Sporcle.
Get the best of Sporcle when you Go Orange. This ad-free experience offers more features, more stats, and more fun while also helping to support Sporcle. Thank you for becoming a member.

You're not logged in!

Compare scores with friends on all Sporcle quizzes.
OR
Log In

Show Comments

Extras

Top Quizzes Today


Score Distribution

Your Account Isn't Verified!

In order to create a playlist on Sporcle, you need to verify the email address you used during registration. Go to your Sporcle Settings to finish the process.

Report this User

Report this user for behavior that violates our Community Guidelines.

Details: